| 000 | 00979nam a2200265Ia 4500 | ||
|---|---|---|---|
| 003 | OSt | ||
| 005 | 20221005110516.0 | ||
| 006 | a|||||r|||| 00| 0 | ||
| 007 | ta | ||
| 008 | 221004b |||||||| |||| 00| 0 tam d | ||
| 024 | _a1538 | ||
| 037 | _cTextual | ||
| 040 |
_aCRL _cCRL _btam |
||
| 041 |
_2tam _atam |
||
| 082 | _aO31,3N06x, 152L7 | ||
| 100 | _aपुदुमैपित्तन | ||
| 245 | 0 | _aपुदुमैपित्तन की कहानियॉं | |
| 246 | _aPudumaipittan kī kahāniyaॉan | ||
| 260 |
_aनई दिल्ली _bनेशनल बुक टस्ट भारत _c1977 |
||
| 300 |
_a106पृ. _ccm. |
||
| 650 | _aतमिल साहित्य | ||
| 700 |
_a सोमसुंदरम, मी प, संपा. _9624116 |
||
| 942 |
_hO31,3N06x, 152L7 _cTEXL _2cc |
||
| 999 |
_c1019040 _d1019040 |
||